000 01095nam0a2200313 i 4500
001 RU\NLR\BIBL_A\010955017
005 20241105185654.0
010 _a9785985851458
_93000
021 _aRU
_b2015-99968
_96225
035 _a(NILC)RuMoRGB-008105394
035 _a(NLR Aleph) 010955017
090 _a10787404
_c10787404
100 _a20160121d2015 u y0rusy50 ca
101 1 _arus
_ceng
102 _aRU
105 _a |||z|||000zb
200 1 _aЭминем. Темная история
_fНик Хастед
_g[пер. с англ.: С. Л. Кузнецов, М. Б. Волхонский]
210 _aМосква
_c[б. и.]
_d2015
215 _a220 с., [12] л. ил.
_d24
600 0 _aЭминем
_f1972
_92266607
_3RU\NLR\AUTH\661358707
675 _a792
686 1 _aЩ364.13(4Вл)6-83Эминем
700 1 _aХастед
_bН.
_gНик
702 0 _4570
_7ca
_8rus
_aЭминем
_cмузыкант, псевдоним
_f1972-
_9156085
_3RU\NLR\AUTH\770156124
801 0 _aRU
_bРГБ
_c20151225
_gRCR
942 _cBOOK
980 _aNBR